serun
ՀԱՅ ԳԻՐՔ = Armenian Book

Աղոթագիրք, որ կոչում է Կիպրիանոս : (Record no. 165451)

000 -LEADER
fixed length control field nam a22 a 4500
003 - CONTROL NUMBER IDENTIFIER
control field AM-YeNLA
005 - DATE AND TIME OF LATEST TRANSACTION
control field 20251208163203.0
007 - PHYSICAL DESCRIPTION FIXED FIELD--GENERAL INFORMATION
fixed length control field ta
008 - FIXED-LENGTH DATA ELEMENTS--GENERAL INFORMATION
fixed length control field 251208s2025 ai a|||gr|||||000|0|arm||
020 ## - INTERNATIONAL STANDARD BOOK NUMBER
International Standard Book Number 978-9939-876-80-1 red
040 ## - CATALOGING SOURCE
Language of cataloging arm
Transcribing agency AM-YeNLA
041 0# - LANGUAGE CODE
Language code of text/sound track or separate title arm
245 00 - TITLE STATEMENT
Title Աղոթագիրք, որ կոչում է Կիպրիանոս :
Remainder of title Մարդկանց պատուհասող ամեն տեսակ պատահարների վերաբերյալ /
Statement of responsibility, etc. Հայաստանի Աստվածաշնչային ընկերություն.
260 ## - PUBLICATION, DISTRIBUTION, ETC. (IMPRINT)
Place of publication, distribution, etc. [Երևան] :
Name of publisher, distributor, etc. Հայաստանի Աստվածաշնչային ընկերություն,
Date of publication, distribution, etc. 2025.
300 ## - PHYSICAL DESCRIPTION
Extent 159 էջ :
Other physical details նկար ;
Dimensions 12 սմ.
650 14 - SUBJECT ADDED ENTRY--TOPICAL TERM
Topical term or geographic name as entry element Քրիստոնեական աղոթքներ
653 #0 - INDEX TERM--UNCONTROLLED
Uncontrolled term Աղոթագրքեր
710 2# - ADDED ENTRY--CORPORATE NAME
Corporate name or jurisdiction name as entry element Հայաստանի Աստվածաշնչային ընկերություն
942 ## - ADDED ENTRY ELEMENTS (KOHA)
Source of classification or shelving scheme
Koha item type Books
Holdings
Withdrawn status Lost status Source of classification or shelving scheme Damaged status Not for loan Permanent Location Current Location Date acquired Inventory number Date last seen Price effective from Koha item type
          National Library of Armenia National Library of Armenia 2025-12-08 ՀԱԳ 2025-12-08 2025-12-08 Books

Հայաստանի ազգային գրադարան ՀՀ, 0009,Երևան, Տերյան 72
Հետադարձ կապ